LEADER 01006nam0-2200325---450- 001 990009392160403321 005 20110706111229.0 010 $a978-88-430-5219-6 035 $a000939216 035 $aFED01000939216 035 $a(Aleph)000939216FED01 035 $a000939216 100 $a20110706d2010----km-y0itay50------ba 101 0 $aita 102 $aIT 105 $ay-------001yy 200 1 $aStranieri e autoctoni in Africa sub-sahariana$epotere, Stato e cittadinanza nella storia delle migrazioni$fCorrado Tornimbeni 210 $aRoma$cCarocci$d2010 215 $a149 p.$d22 cm 225 1 $aBiblioteca di testi e studi$iStudi storici$v584 610 0 $aAfrica centrale 676 $a304.8096$v21$zita 700 1$aTornimbeni,$bCorrado$0511826 801 0$aIT$bUNINA$gREICAT$2UNIMARC 901 $aBK 912 $a990009392160403321 952 $aCollez. 1587 (584)$b46918$fFSPBC 959 $aFSPBC 996 $aStranieri e autoctoni in Africa sub-sahariana$9763954 997 $aUNINA LEADER 01346nam2-2200385---450- 001 990003415740203316 005 20100622105009.0 010 $a978-3-642-10216-5 035 $a000341574 035 $aUSA01000341574 035 $a(ALEPH)000341574USA01 035 $a000341574 100 $a20100622d2009----km-y0itay50------ba 101 $aeng 102 $aDE 105 $aa---||||001yy 200 1 $aCombinatorial algorithms$e20th international workshop, IWOCA 2009$eHradec nad Moravicì, Czech Republic, june 28-july 2, 2009$erevised selected papers$fJirì Fiala, Jan Kratochvìl, Mirka Miller (Eds.) 210 $aBerlin [etc.]$cSpringer$dcopyr. 2009 215 $aXII, 480 p.$cill.$d24 cm 225 2 $aLecture notes in computer science$v5874 410 1$1001000314960$12001$aLecture notes in computer science 606 0 $aAlgoritmi$xAtti di congressi$2BNCF 676 $a518.1 702 1$aFIALA,$bJirì 702 1$aKRATOCHVIL,$bJan 702 1$aMILLER,$bMirka 710 12$aInternational workshop, IWOCA 2009$d<20;$eHradec nad Moravicì$f2009>$0608049 801 0$aIT$bsalbc$gISBD 912 $a990003415740203316 951 $a001 LNCS 5874$b39017/CBS$c001$d00335480 959 $aBK 969 $aSCI 979 $aANGELA$b90$c20100622$lUSA01$h1050 996 $aCombinatorial algorithms$91125252 997 $aUNISA LEADER 01066nam--2200337---450 001 990003435480203316 005 20210204090834.0 010 $a978-88-787-0453-4 035 $a000343548 035 $aUSA01000343548 035 $a(ALEPH)000343548USA01 035 $a000343548 100 $a20100816d2009----km-y0itay50------ba 101 $aita 102 $aIT 105 $aa---||||001yy 200 1 $aFerrante Gonzaga$eil Mediterraneo, l'Impero (1507-1557)$eatti del convegno di studi : Guastalla, 5-6 ottobre 2007$fa cura di Gianvittorio Signorotto 210 $aRoma$cBulzoni$d[2009] 215 $a428 p.$cill.$d24 cm 225 2 $aBiblioteca del Cinquecento$v145 410 0$12001$aBiblioteca del Cinquecento 600 0 $aGonzaga,$bFerrante 676 $a945.432092 702 1$aSIGNOROTTO,$bGianvittorio 801 0$aIT$bsalbc$gISBD 912 $a990003435480203316 951 $aX.2.B. 1996$b225435 L.M.$cX.2.B.$d00281484 959 $aBK 969 $aUMA 996 $aFerrante Gonzaga$9255317 997 $aUNISA